00552nam a2200181Ia 4500003000400000008004100004040001600045082002000061100002200081245008300103700002000186260004800206300001000254650000900264650003400273650003200307650003100339GCL140319s9999 xx 000 0 eng d aGCL / cGCL04a791.450973bJ T1 aJANKOWSKI, GENE F10aTELEVISON TODAY AND TOMORROW: IT WON'T BE WHAT YOU THINK / cJANKOWSKI, GENE F1 aFUCHES, DAVID C a[S.N] : bOXFORD UNIVERSITY PRESS ، c1995 a237 P04aARTS04aTELEVISION BROADCASTING - U.S04aTELEVISION PROGRAMS - U.S.A04aTELEVISION OF NEWS - U.S.A